[Event "Open Portugal 2019"]
[Site "Lisboa POR"]
[Date "2019.02.07"]
[Round "7.52"]
[White "Lindbøl, Aleksander"]
[Black "Marques, Rui"]
[Result "1-0"]
[WhiteElo "2190"]
[BlackElo "1890"]
[WhiteFideId "1520644"]
[BlackFideId "1903390"]
[WhiteCountry "NOR"]
[BlackCountry "POR"]
[PlyCount "111"]
[EventDate "2019.02.02"]

1. c4 e5 2. g3 c6 3. Nf3 e4 4. Nd4 d5 5. cxd5 Qxd5 6. e3 Nf6 7. Nc3 Qe5 8. Bg2
Bc5 9. Nde2 O-O 10. O-O Na6 11. a3 Qe7 12. b4 Bb6 13. Bb2 Bf5 14. Qc2 Rfe8 15.
Rac1 Rad8 16. Na4 Bc7 17. Nd4 Bd7 18. Rfe1 Be5 19. Bf1 Nc7 20. Nc5 Bc8 21. Nxe4
Bxd4 22. exd4 Nfd5 23. d3 f5 24. Nd2 Qxe1 25. Rxe1 Rxe1 26. Nf3 Ree8 27. Ne5 f4
28. Qc5 a6 29. Bg2 fxg3 30. hxg3 Ne6 31. Qc1 Rf8 32. Qd1 Nf6 33. f4 Nxd4 34.
Bxd4 Rxd4 35. Qb3+ Nd5 36. Qb2 Nxf4 37. gxf4 Rdxf4 38. Qe2 R4f6 39. Qe3 Re8 40.
d4 Be6 41. a4 Bd5 42. Bxd5+ cxd5 43. Qb3 Rd8 44. b5 axb5 45. Qxb5 b6 46. a5 bxa5
47. Qxa5 Rff8 48. Qc7 h6 49. Qe7 Rfe8 50. Qf7+ Kh8 51. Qg6 Kg8 52. Nf7 Ra8 53.
Nxh6+ Kh8 54. Nf5 Ra1+ 55. Kg2 Ra2+ 56. Kf3 1-0

[Event "Open Portugal 2019"]
[Site "Lisboa POR"]
[Date "2019.02.07"]
[Round "7.53"]
[White "Gkogkas, Dimitrios"]
[Black "Borges, Guilherme Deola"]
[Result "1/2-1/2"]
[WhiteElo "2004"]
[BlackElo "2181"]
[WhiteFideId "4200462"]
[BlackFideId "2109085"]
[WhiteCountry "GRE"]
[BlackCountry "BRA"]
[PlyCount "106"]
[EventDate "2019.02.02"]

1. Nf3 Nf6 2. c4 e6 3. Nc3 d5 4. d4 c6 5. e3 Nbd7 6. Bd3 dxc4 7. Bxc4 b5 8. Bd3
Bb7 9. O-O a6 10. Ne4 c5 11. Nxc5 Nxc5 12. dxc5 Bxc5 13. b3 O-O 14. Bb2 Qe7 15.
Qe2 Nd5 16. Rac1 Rac8 17. Rfd1 Ba3 18. Bb1 Bxb2 19. Qxb2 b4 20. Rxc8 Rxc8 21.
Qe5 Nc3 22. Bxh7+ Kxh7 23. Qh5+ Kg8 24. Ng5 Qxg5 25. Qxg5 Nxd1 26. h4 Nc3 27. f3
Nxa2 28. h5 Kf8 29. Qa5 Ke7 30. Qxa2 Rc5 31. Qd2 a5 32. Qd4 Rxh5 33. e4 f6 34.
Qb6 Bc8 35. Qd4 Bd7 36. g4 Rb5 37. Kf2 g5 38. Ke3 Re5 39. Kf2 Be8 40. Qa7+ Kf8
41. Qb6 Ke7 42. Ke3 Rb5 43. Qc7+ Bd7 44. Kd4 Ke8 45. Kc4 a4 46. Qa7 axb3 47.
Kxb3 Ke7 48. Qc7 Ke8 49. Qa7 f5 50. exf5 exf5 51. Qe3+ Kf7 52. gxf5 Bxf5 53.
Qa7+ Kf8 1/2-1/2

[Event "Open Portugal 2019"]
[Site "Lisboa POR"]
[Date "2019.02.07"]
[Round "7.54"]
[White "Fernandes, Ricardo Paulos"]
[Black "Tryggestad, Andreas Garberg"]
[Result "0-1"]
[WhiteElo "2015"]
[BlackElo "2351"]
[WhiteFideId "1943464"]
[BlackFideId "1513338"]
[BlackTitle "FM"]
[WhiteCountry "POR"]
[BlackCountry "NOR"]
[PlyCount "88"]
[EventDate "2019.02.02"]

1. Nf3 d5 2. b3 Nf6 3. Bb2 g6 4. e3 Bg7 5. c4 O-O 6. Be2 dxc4 7. bxc4 c5 8. O-O
Nc6 9. a3 Bf5 10. d3 Qc7 11. Qc2 Rfd8 12. Nc3 a6 13. Rac1 Qa5 14. Nd5 Rd7 15.
Rb1 Re8 16. Nh4 Be6 17. Bc3 Qd8 18. Nf4 Bg4 19. Bxg4 Nxg4 20. Nf3 Nge5 21. Nxe5
Nxe5 22. Rfd1 e6 23. Qb2 Nxc4 24. Qa1 Bxc3 25. Qxc3 b5 26. a4 e5 27. axb5 Nd6
28. Ne2 Nxb5 29. Qxc5 Rxd3 30. Rf1 Qd6 31. Qc1 h5 32. Ng3 Nc3 33. Rb3 Ne2+ 34.
Nxe2 Rxb3 35. f4 Qd3 36. Qc6 Qb5 37. Qf3 Qb6 38. Kh1 e4 39. Qh3 Rxe3 40. Ng3 Rb3
41. Qd7 Qb5 42. Qd1 Qd3 43. Qe1 Rb2 44. f5 Qd2 0-1

[Event "Open Portugal 2019"]
[Site "Lisboa POR"]
[Date "2019.02.07"]
[Round "7.55"]
[White "Storme, Isak"]
[Black "Slovák, Pavel"]
[Result "0-1"]
[WhiteElo "2290"]
[BlackElo "2010"]
[WhiteFideId "1728113"]
[BlackFideId "318493"]
[WhiteTitle "FM"]
[WhiteCountry "SWE"]
[BlackCountry "CZE"]
[PlyCount "60"]
[EventDate "2019.02.02"]

1. d4 d5 2. c4 e6 3. Nc3 Nf6 4. cxd5 exd5 5. Bg5 Nbd7 6. e3 c6 7. Bd3 Be7 8.
Nge2 O-O 9. O-O Re8 10. f3 Nf8 11. Qc2 Nh5 12. Bxe7 Qxe7 13. e4 dxe4 14. fxe4
Be6 15. Kh1 Nf6 16. Nf4 Rad8 17. e5 Ng4 18. Nxe6 Nxe6 19. Bxh7+ Kh8 20. Bf5 Nxd4
21. Qe4 Nh6 22. Rae1 Ndxf5 23. Rxf5 Nxf5 24. Qxf5 Qe6 25. Qh5+ Kg8 26. Kg1 Qc4
27. Re4 Rd4 28. Qh4 Rxe4 29. Nxe4 Qc1+ 30. Kf2 Qxb2+ 0-1

[Event "Open Portugal 2019"]
[Site "Lisboa POR"]
[Date "2019.02.07"]
[Round "7.56"]
[White "Boucquet, Emile"]
[Black "Myrheim, Håkon"]
[Result "1-0"]
[WhiteElo "2213"]
[BlackElo "1993"]
[WhiteFideId "233161"]
[BlackFideId "1526820"]
[WhiteCountry "BEL"]
[BlackCountry "NOR"]
[PlyCount "77"]
[EventDate "2019.02.02"]

1. e4 c5 2. d4 cxd4 3. c3 dxc3 4. Nxc3 Nc6 5. Nf3 d6 6. Bc4 a6 7. O-O e6 8. Bf4
Nf6 9. Qe2 Be7 10. Rfd1 Qc7 11. Rac1 O-O 12. h3 Nd7 13. Bb3 Qb8 14. Bh2 Nde5 15.
Ne1 Rd8 16. f4 Ng6 17. Nf3 b5 18. a3 h6 19. Kh1 Bb7 20. f5 exf5 21. exf5 Nge5
22. Nd5 Bf8 23. Nxe5 Nxe5 24. Rc3 Bxd5 25. Bxd5 Ra7 26. f6 g6 27. Qe4 Kh7 28.
Bxe5 dxe5 29. Rf1 Rad7 30. Bxf7 Rxf7 31. Rg3 Bg7 32. Qxg6+ Kg8 33. Qxh6 Qa7 34.
Rxg7+ Rxg7 35. fxg7 Qxg7 36. Qe6+ Kh8 37. Rf6 Qg5 38. Rf5 Qe3 39. Qf6+ 1-0

[Event "Open Portugal 2019"]
[Site "Lisboa POR"]
[Date "2019.02.07"]
[Round "7.57"]
[White "Kocian, Miroslav"]
[Black "Newrkla, Katharina"]
[Result "0-1"]
[WhiteElo "1992"]
[BlackElo "2180"]
[WhiteFideId "303577"]
[BlackFideId "1621629"]
[BlackTitle "WIM"]
[WhiteCountry "CZE"]
[BlackCountry "AUT"]
[PlyCount "106"]
[EventDate "2019.02.02"]

1. e4 c5 2. Nf3 d6 3. d4 cxd4 4. Nxd4 Nf6 5. Nc3 a6 6. Bc4 e6 7. Bb3 Nbd7 8. Be3
Nc5 9. f3 Be7 10. g4 Qc7 11. g5 Nfd7 12. f4 b5 13. Qf3 b4 14. Nce2 Bb7 15. Ng3
Nxe4 16. Nxe4 Nc5 17. Nxc5 dxc5 18. Ba4+ Kf8 19. Bc6 cxd4 20. Bxb7 Rb8 21. Bxd4
Qxb7 22. Qxb7 Rxb7 23. O-O h6 24. g6 fxg6 25. Rae1 Kf7 26. Re4 Rd8 27. c3 bxc3
28. Bxc3 Bf6 29. Ba5 Rd4 30. Rfe1 Rxe4 31. Rxe4 Rxb2 32. Ra4 Rc2 33. Bb6 Rc6 34.
Be3 Bd8 35. Rb4 g5 36. fxg5 Bxg5 37. Bxg5 hxg5 38. a4 Kf6 39. Kf2 Rc2+ 40. Kg3
Ra2 41. h3 Kf5 42. Kf3 Ra3+ 43. Kg2 e5 44. Rc4 e4 45. Rc5+ Kf4 46. a5 Ra2+ 47.
Kf1 g4 48. hxg4 Kxg4 49. Rc6 Rxa5 50. Rg6+ Kf3 51. Kg1 e3 52. Rxg7 Ra1+ 53. Kh2
e2 0-1

[Event "Open Portugal 2019"]
[Site "Lisboa POR"]
[Date "2019.02.07"]
[Round "7.58"]
[White "Poysti, Nathanael"]
[Black "Fidalgo, Daniel"]
[Result "1/2-1/2"]
[WhiteElo "2172"]
[BlackElo "1981"]
[WhiteFideId "24622133"]
[BlackFideId "1934279"]
[WhiteCountry "GER"]
[BlackCountry "POR"]
[PlyCount "174"]
[EventDate "2019.02.02"]

1. Nf3 e6 2. c4 f5 3. e3 Nf6 4. Be2 g6 5. d4 d6 6. b4 Bg7 7. Bb2 O-O 8. O-O Qe7
9. Qb3 h6 10. Nc3 Kh7 11. b5 Nbd7 12. Rac1 c5 13. bxc6 bxc6 14. Ba3 c5 15. Rfd1
Rb8 16. Qa4 Bb7 17. Nd2 Ng4 18. Bxg4 fxg4 19. Nde4 Nf6 20. Ng3 h5 21. dxc5 dxc5
22. Qxa7 Rfc8 23. Qa4 h4 24. Nge2 Ra8 25. Qb3 Qc7 26. Nf4 g5 27. Qc2+ Kg8 28.
Nb5 Qc6 29. Rd6 Qe4 30. Qxe4 Nxe4 31. Rb6 Bc6 32. Rxc6 Rxc6 33. Ne2 Rd8 34. f3
gxf3 35. gxf3 Rd2 36. Kf1 Nd6 37. Nxd6 Rdxd6 38. Rc2 Rd3 39. Bc1 Rc8 40. Kf2 Rf8
41. h3 Rd7 42. Kg2 Rdf7 43. Ng1 Ra8 44. Ne2 Rfa7 45. a3 Rd7 46. f4 Bf6 47. Kf3
gxf4 48. Nxf4 Kf7 49. Bb2 Bg5 50. Rg2 Bf6 51. Bxf6 Kxf6 52. Rg6+ Kf7 53. Rxe6
Rxa3 54. Re5 Re7 55. Rxe7+ Kxe7 56. Ng6+ Kf6 57. Nxh4 Rc3 58. Ng2 Rxc4 59. Nf4
Ra4 60. h4 c4 61. Ke4 Ra8 62. Kd4 Rc8 63. Kc3 Ke5 64. h5 Ke4 65. h6 Rh8 66. Kxc4
Rxh6 67. Kc5 Kxe3 68. Nd5+ Ke4 69. Nc3+ Kd3 70. Nd5 Rh5 71. Kd6 Kd4 72. Nf6 Ra5
73. Ke6 Re5+ 74. Kd6 Rf5 75. Ke6 Ra5 76. Ng4 Rb5 77. Nf6 Rb6+ 78. Kf5 Ra6 79.
Ng4 Ra1 80. Ke6 Re1+ 81. Kd6 Ke4 82. Nf6+ Kf5 83. Nd5 Rd1 84. Kc5 Ke5 85. Nc3
Rd4 86. Ne2 Rd8 87. Kc4 Rd4+ 1/2-1/2

[Event "Open Portugal 2019"]
[Site "Lisboa POR"]
[Date "2019.02.07"]
[Round "7.59"]
[White "Santos, António P"]
[Black "Ladisic, Alex-Sacha"]
[Result "1-0"]
[WhiteElo "2162"]
[BlackElo "1934"]
[WhiteFideId "1900161"]
[BlackFideId "610631"]
[WhiteTitle "FM"]
[WhiteCountry "POR"]
[BlackCountry "FRA"]
[PlyCount "91"]
[EventDate "2019.02.02"]

1. d4 Nf6 2. Nf3 d6 3. c4 Nc6 4. Nc3 e5 5. d5 Ne7 6. e4 c5 7. Be2 Ng6 8. h4 Be7
9. g3 h6 10. Rb1 a6 11. a3 Bd7 12. b4 b6 13. Kf1 Qc7 14. Kg2 O-O 15. h5 Nh8 16.
b5 axb5 17. cxb5 Nh7 18. Nh4 Bxh4 19. Rxh4 f5 20. exf5 Bxf5 21. Bd3 Qd7 22. Bxf5
Qxf5 23. Ne4 Ng5 24. Qg4 Nxe4 25. Qxf5 Rxf5 26. Rxe4 Rxh5 27. a4 Rf5 28. Bd2 g5
29. a5 bxa5 30. Ra4 Rf7 31. f4 exf4 32. gxf4 Ng6 33. fxg5 hxg5 34. Bxg5 Ne5 35.
Bf4 Rg7+ 36. Kf2 Nd3+ 37. Ke3 Nxf4 38. Rxf4 Re8+ 39. Re4 Rxe4+ 40. Kxe4 Kf8 41.
b6 Rb7 42. Kd3 Ke8 43. Kc4 Kd8 44. Kb5 Kd7 45. Ka6 Kc8 46. Rh1 1-0

[Event "Open Portugal 2019"]
[Site "Lisboa POR"]
[Date "2019.02.07"]
[Round "7.60"]
[White "Reis, Luís Sousa"]
[Black "Woithe, Daniel"]
[Result "1-0"]
[WhiteElo "2146"]
[BlackElo "1921"]
[WhiteFideId "1900609"]
[BlackFideId "16244648"]
[WhiteTitle "NM"]
[WhiteCountry "POR"]
[BlackCountry "GER"]
[PlyCount "51"]
[EventDate "2019.02.02"]

1. d4 d5 2. c4 e6 3. Nc3 Nf6 4. Nf3 Be7 5. Bf4 O-O 6. e3 c5 7. dxc5 Bxc5 8. Qc2
Nc6 9. a3 d4 10. O-O-O e5 11. Nxe5 Qe8 12. Na4 Nxe5 13. Nxc5 dxe3 14. Bxe3 b6
15. Ne4 Nfg4 16. Bd4 Nc6 17. Bc3 Qe7 18. h3 Nge5 19. f4 Ng6 20. g3 Be6 21. Bd3
Na5 22. Nd2 f5 23. Rhe1 Qf7 24. Bxa5 bxa5 25. c5 Rac8 26. Rxe6 1-0

[Event "Open Portugal 2019"]
[Site "Lisboa POR"]
[Date "2019.02.07"]
[Round "7.61"]
[White "Mendes, Modeste"]
[Black "Pérez García, Roberto"]
[Result "1/2-1/2"]
[WhiteElo "1981"]
[BlackElo "2141"]
[WhiteFideId "1925920"]
[BlackFideId "2217708"]
[WhiteCountry "POR"]
[BlackCountry "ESP"]
[PlyCount "135"]
[EventDate "2019.02.02"]

1. Nf3 Nf6 2. g3 g6 3. Bg2 Bg7 4. d4 O-O 5. O-O d5 6. c4 dxc4 7. Ne5 Ne8 8. Na3
Nd6 9. e3 c6 10. Naxc4 Nxc4 11. Nxc4 Be6 12. b3 a5 13. a4 Bd5 14. Bb2 Bxg2 15.
Kxg2 c5 16. dxc5 Bxb2 17. Nxb2 Na6 18. Rc1 Rc8 19. Qd4 Qc7 20. Nd3 Rfd8 21. Qc4
Qc6+ 22. Kg1 Qf3 23. Rc3 h5 24. Rfc1 Rc7 25. Qf4 Qxf4 26. gxf4 f6 27. Kf1 Kf7
28. Ke2 Rdc8 29. Rc4 Ke6 30. h4 Kf7 31. e4 e6 32. Ke3 Ke7 33. f3 Kf7 34. Rd4 Ke7
35. Rdc4 Kf7 36. R1c3 Ke7 37. Kd2 Kd7 38. Rc1 Ke7 39. Ke3 Kf7 40. Rd4 Ke7 41.
Rg1 Rg8 42. Rc4 Kf7 43. f5 g5 44. hxg5 fxg5 45. fxe6+ Kxe6 46. f4 gxf4+ 47.
Nxf4+ Kf7 48. Rxg8 Kxg8 49. Kd4 h4 50. Nd5 Rg7 51. c6 h3 52. c7 Nxc7 53. Rc2 Rg2
54. Rc1 h2 55. Rh1 Ne6+ 56. Kc4 Ng5 57. Ne3 Ra2 58. Ng4 Nf3 59. Nxh2 Nxh2 60.
Kb5 Nf3 61. Rd1 Nd2 62. Kxa5 Nxb3+ 63. Kb4 Nd2 64. e5 Kf7 65. Kc3 Ne4+ 66. Kb3
Rd2 67. Rxd2 Nxd2+ 68. Kb4 1/2-1/2

[Event "Open Portugal 2019"]
[Site "Lisboa POR"]
[Date "2019.02.07"]
[Round "7.62"]
[White "Taranin, Konstantin"]
[Black "Bruaset, Eivind"]
[Result "0-1"]
[WhiteElo "1976"]
[BlackElo "2124"]
[WhiteFideId "24109002"]
[BlackFideId "1515276"]
[WhiteCountry "RUS"]
[BlackCountry "NOR"]
[PlyCount "78"]
[EventDate "2019.02.02"]

1. e4 c5 2. Nf3 d6 3. d4 cxd4 4. Nxd4 Nf6 5. Nc3 e5 6. Nb3 Be7 7. Be2 O-O 8. O-O
Be6 9. Bf3 Nbd7 10. a4 Nb6 11. a5 Nc4 12. Qd3 Qc8 13. Rd1 Rd8 14. Be2 d5 15.
exd5 Bxd5 16. Ra4 Nxb2 17. Bxb2 Bxb3 18. Qxd8+ Bxd8 19. cxb3 Qf5 20. Bd3 Qh5 21.
Be2 Qf5 22. Bd3 Qe6 23. Bc4 Qc6 24. Bb5 Qc7 25. Rc4 Qxa5 26. Rd6 a6 27. Ba4 e4
28. b4 Qe5 29. Rd1 Bb6 30. Nd5 Bxf2+ 31. Kxf2 Qxb2+ 32. Rc2 Qe5 33. Nb6 Rf8 34.
h3 e3+ 35. Ke2 Qh5+ 36. Ke1 Qh4+ 37. Kf1 Qxb4 38. Nd7 Qxa4 39. Nxf8 Qxc2 0-1

[Event "Open Portugal 2019"]
[Site "Lisboa POR"]
[Date "2019.02.07"]
[Round "7.63"]
[White "Pipiras, Filipa"]
[Black "Thompson, Ian D"]
[Result "0-1"]
[WhiteElo "1964"]
[BlackElo "2122"]
[WhiteFideId "1944894"]
[BlackFideId "405205"]
[BlackTitle "FM"]
[WhiteCountry "POR"]
[BlackCountry "ENG"]
[PlyCount "110"]
[EventDate "2019.02.02"]

1. d4 e6 2. c4 Nf6 3. Nf3 d5 4. Nc3 c6 5. cxd5 exd5 6. Qc2 g6 7. Bg5 Be7 8. e3
Bf5 9. Bd3 Bxd3 10. Qxd3 O-O 11. O-O Nbd7 12. Rab1 a5 13. Qc2 Re8 14. a3 Ne4 15.
Bxe7 Qxe7 16. b4 Nd6 17. bxa5 Rxa5 18. a4 f5 19. Rfe1 Ra7 20. Nd2 Nf6 21. Ne2
Nfe4 22. Nxe4 fxe4 23. Qb3 Nc4 24. Qb4 Qf6 25. Ng3 h5 26. Nf1 Qd6 27. Ng3 h4 28.
Ne2 Qf6 29. h3 b6 30. Nc3 Rf7 31. Nd1 Rc8 32. Re2 c5 33. dxc5 bxc5 34. Qb3 Qe6
35. Nc3 Rd8 36. Rd1 Rfd7 37. Ree1 Kf7 38. Ne2 g5 39. Qc3 Ne5 40. Kh2 Nd3 41. Rf1
d4 42. Qa5 Kg6 43. Rb1 Qd6+ 44. Kg1 Rb8 45. Rxb8 Qxb8 46. Nc1 Ra7 47. Qd2 Qb2
48. Qxb2 Nxb2 49. exd4 cxd4 50. Nb3 d3 51. Rc1 Rxa4 52. Nc5 d2 53. Rd1 Rd4 54.
Nb3 Nxd1 55. Nxd4 Nc3 0-1

[Event "Open Portugal 2019"]
[Site "Lisboa POR"]
[Date "2019.02.07"]
[Round "7.64"]
[White "Pires, Emanuel"]
[Black "Marques, Ricardo T T"]
[Result "0-1"]
[WhiteElo "2115"]
[BlackElo "1911"]
[WhiteFideId "1914715"]
[BlackFideId "1949438"]
[WhiteCountry "POR"]
[BlackCountry "POR"]
[PlyCount "106"]
[EventDate "2019.02.02"]

1. e4 e5 2. Nf3 Nc6 3. Bc4 Bc5 4. b4 Bxb4 5. c3 Ba5 6. O-O Nf6 7. d4 exd4 8. e5
d5 9. exf6 dxc4 10. fxg7 Rg8 11. Bg5 Qd5 12. Re1+ Be6 13. Nbd2 Rxg7 14. Ne4 Kf8
15. Bh6 d3 16. Nfg5 Qf5 17. Nf6 Qg6 18. Ngxh7+ Ke7 19. Bxg7 Qxg7 20. Qh5 Rh8 21.
Qh4 Kd6 22. Qf4+ Ke7 23. Qh4 Kd6 24. Rad1 Rxh7 25. Nxh7 Bxc3 26. Rxe6+ fxe6 27.
Qxc4 Ne5 28. Qe4 c5 29. f4 Bd4+ 30. Kf1 Ng4 31. Rxd3 Nf6 32. Qe5+ Ke7 33. Rxd4
cxd4 34. Ng5 Qg8 35. Qc5+ Ke8 36. Qxd4 Qg6 37. Nxe6 Qb1+ 38. Kf2 Qxa2+ 39. Kf1
Qxe6 40. Qxa7 Qe4 41. Qb8+ Kf7 42. h3 Qb1+ 43. Ke2 Qc2+ 44. Kf3 Qc6+ 45. Kf2 b5
46. g4 Qc5+ 47. Kf3 Qc3+ 48. Kg2 b4 49. g5 Nd5 50. g6+ Ke6 51. h4 Qd2+ 52. Kg1
Nxf4 53. Qb5 Qg2# 0-1

[Event "Open Portugal 2019"]
[Site "Lisboa POR"]
[Date "2019.02.07"]
[Round "7.65"]
[White "Casagrande, Federico"]
[Black "Fröwis, Annika"]
[Result "0-1"]
[WhiteElo "1911"]
[BlackElo "2104"]
[WhiteFideId "2827137"]
[BlackFideId "1621432"]
[BlackTitle "WFM"]
[WhiteCountry "ITA"]
[BlackCountry "AUT"]
[PlyCount "108"]
[EventDate "2019.02.02"]

1. d4 d5 2. c4 e6 3. e3 Nf6 4. Nf3 Be7 5. Nc3 O-O 6. Qc2 b6 7. Bd3 Bb7 8. cxd5
exd5 9. O-O Re8 10. Ne5 Bd6 11. f4 c5 12. Bb5 Re7 13. Rf3 a6 14. Bd3 Nc6 15. Ne2
g6 16. Qd1 Ne4 17. Bd2 f6 18. Ng4 Bc8 19. Bxe4 Rxe4 20. Nf2 Re8 21. Bc3 c4 22.
Be1 Bf8 23. Rg3 Bf5 24. a3 b5 25. Nc3 b4 26. axb4 Nxb4 27. Rc1 Rb8 28. Rf3 Qd7
29. h3 h5 30. Bd2 Rb7 31. Kh2 Nd3 32. Nxd3 Bxd3 33. Na4 Be4 34. Rf2 Rb3 35. Ra1
Rd3 36. Qe1 Bf5 37. Re2 Qc7 38. Kh1 Bd6 39. Qf2 Qe7 40. Nc3 Qb7 41. Na4 Kg7 42.
Kg1 Bd7 43. Bc3 Bb5 44. Qe1 Qd7 45. Nc5 Bxc5 46. dxc5 Qe7 47. Kf2 Qxc5 48. Bd4
Qd6 49. g3 Qe6 50. h4 Qg4 51. Rd2 Qh3 52. Rad1 Bd7 53. Rxd3 Qh2+ 54. Kf1 Bh3#
0-1

[Event "Open Portugal 2019"]
[Site "Lisboa POR"]
[Date "2019.02.07"]
[Round "7.66"]
[White "Jorge, Rita"]
[Black "Bertola, Georges"]
[Result "1/2-1/2"]
[WhiteElo "1902"]
[BlackElo "2101"]
[WhiteFideId "1923161"]
[BlackFideId "1307967"]
[WhiteTitle "WFM"]
[WhiteCountry "POR"]
[BlackCountry "SUI"]
[PlyCount "54"]
[EventDate "2019.02.02"]

1. e4 c5 2. Nf3 g6 3. d4 cxd4 4. Nxd4 Bg7 5. c4 Nc6 6. Be3 Nf6 7. Nc3 O-O 8. Be2
d6 9. f3 Bd7 10. Qd2 a5 11. b3 Nxd4 12. Bxd4 Bc6 13. g4 Nd7 14. Bxg7 Kxg7 15. h4
h6 16. O-O-O Qb6 17. Kb1 a4 18. Qb2 a3 19. Qd2 Qc5 20. f4 f6 21. g5 fxg5 22.
hxg5 hxg5 23. f5 Qe5 24. Bd3 Qf4 25. Qc2 g4 26. fxg6 Ne5 27. Rdf1 Qg5 1/2-1/2

[Event "Open Portugal 2019"]
[Site "Lisboa POR"]
[Date "2019.02.07"]
[Round "7.67"]
[White "Jazdanovs, Aleksandrs"]
[Black "Partoens, Remi"]
[Result "0-1"]
[WhiteElo "2100"]
[BlackElo "1904"]
[WhiteFideId "11604492"]
[BlackFideId "237108"]
[WhiteCountry "LAT"]
[BlackCountry "BEL"]
[PlyCount "52"]
[EventDate "2019.02.02"]

1. e4 e5 2. Nf3 Nc6 3. Bb5 a6 4. Ba4 Nf6 5. O-O Be7 6. Re1 b5 7. Bb3 O-O 8. a4
b4 9. d4 d6 10. dxe5 Nxe5 11. Nxe5 dxe5 12. Qf3 Bg4 13. Qg3 Qd7 14. h3 Bh5 15.
Bh6 Bg6 16. Be3 Nxe4 17. Qxe5 Bf6 18. Qd5 Rad8 19. Qxd7 Rxd7 20. f3 Bxb2 21. Ra2
Bc3 22. Nxc3 Nxc3 23. Rb2 Re8 24. Bf2 Rxe1+ 25. Bxe1 Rd1 26. Kf1 Ra1 0-1

[Event "Open Portugal 2019"]
[Site "Lisboa POR"]
[Date "2019.02.07"]
[Round "7.68"]
[White "Fanha, Paulo"]
[Black "Sousa, Hugo C"]
[Result "0-1"]
[WhiteElo "1884"]
[BlackElo "2097"]
[WhiteFideId "1902148"]
[BlackFideId "1930842"]
[WhiteTitle "CM"]
[WhiteCountry "POR"]
[BlackCountry "POR"]
[PlyCount "112"]
[EventDate "2019.02.02"]

1. e4 e6 2. Nf3 d5 3. e5 c5 4. b4 cxb4 5. d4 Nc6 6. Bd3 Nge7 7. O-O Nf5 8. Bxf5
exf5 9. a3 Be6 10. axb4 Bxb4 11. c3 Be7 12. Qb3 Qc7 13. Bg5 O-O 14. Na3 a6 15.
Bxe7 Qxe7 16. Qb6 Rac8 17. Rfb1 Rc7 18. Nc2 Rfc8 19. Rb3 f4 20. Nfe1 g5 21. Nd3
Bf5 22. Nce1 Kg7 23. f3 Nd8 24. Nb4 Qe6 25. Qa5 Nc6 26. Nxc6 Qxc6 27. Raa3 Qd7
28. Rb6 Rc6 29. Qb4 Rxb6 30. Qxb6 Rc6 31. Qb2 Qc7 32. h4 h6 33. hxg5 hxg5 34.
Qd2 Rb6 35. g3 Qe7 36. Ra2 fxg3 37. Qg2 Rb3 38. Qxg3 Rxc3 39. Rb2 Bg6 40. Qg4
Rc1 41. Kf2 b5 42. Ng2 Qa3 43. Rd2 Qc3 44. Qxg5 Qxd2+ 45. Qxd2 Rc2 46. Ke3 Rxd2
47. Kxd2 Bh5 48. Ke3 b4 49. Nf4 b3 50. Nxh5+ Kh6 51. Kd3 Kxh5 52. Kc3 Kg5 53.
Kxb3 Kf4 54. Kb4 Kxf3 55. Kc5 Ke4 56. Kd6 Kxd4 0-1

[Event "Open Portugal 2019"]
[Site "Lisboa POR"]
[Date "2019.02.07"]
[Round "7.69"]
[White "Newton, Andrew"]
[Black "Hodovský, Jiri"]
[Result "0-1"]
[WhiteElo "1883"]
[BlackElo "2094"]
[WhiteFideId "2403285"]
[BlackFideId "317250"]
[WhiteCountry "SCO"]
[BlackCountry "CZE"]
[PlyCount "152"]
[EventDate "2019.02.02"]

1. e4 e6 2. d4 d5 3. Nd2 Nf6 4. e5 Nfd7 5. Bd3 c5 6. c3 Nc6 7. Ne2 f6 8. exf6
Nxf6 9. Nf3 cxd4 10. cxd4 Bd6 11. O-O Qc7 12. h3 O-O 13. Nc3 a6 14. Be3 Bd7 15.
Rc1 Rac8 16. Qd2 Nh5 17. Ng5 g6 18. Qd1 Ng7 19. Qg4 h5 20. Qh4 Nf5 21. Bxf5 Rxf5
22. g4 Rf4 23. Bxf4 Bxf4 24. Rcd1 Qd8 25. Nf3 Qxh4 26. Nxh4 Kf7 27. Ng2 Bc7 28.
f4 Bb6 29. Ne2 Nb4 30. a3 Bb5 31. Rd2 Bxe2 32. Rxe2 Bxd4+ 33. Kh2 Nc6 34. Rfe1
hxg4 35. hxg4 a5 36. Kg3 a4 37. Nh4 Bf6 38. Nf3 Re8 39. Ng5+ Bxg5 40. fxg5 e5
41. Rf2+ Kg7 42. Ref1 Re7 43. Rf6 e4 44. Rd6 d4 45. Kf2 Re5 46. Rd7+ Kg8 47.
Rxb7 Rd5 48. Rc1 Nd8 49. Rb4 e3+ 50. Ke2 Ne6 51. Rxa4 Nf4+ 52. Kd1 Nd3 53. Rc2
Nf2+ 54. Ke2 d3+ 55. Kxe3 dxc2 56. Rc4 Nd1+ 57. Ke2 Nxb2 58. Rxc2 Na4 59. Rc4
Nc5 60. a4 Ne6 61. Rb4 Rxg5 62. Kf3 Kf7 63. Rb7+ Kf6 64. Rb6 Rd5 65. Rb4 Rd3+
66. Ke2 Rd4 67. Rxd4 Nxd4+ 68. Ke3 Nc6 69. Kf4 g5+ 70. Ke4 Ke6 71. Kd3 Kd5 72.
Ke3 Nb4 73. a5 Ke5 74. Kf3 Kd4 75. Kf2 Ke4 76. Kg3 Ke3 0-1

[Event "Open Portugal 2019"]
[Site "Lisboa POR"]
[Date "2019.02.07"]
[Round "7.70"]
[White "Gonçalves, Gabriel"]
[Black "Aflalo, Sophie"]
[Result "0-1"]
[WhiteElo "1845"]
[BlackElo "2091"]
[WhiteFideId "1945610"]
[BlackFideId "656887"]
[WhiteCountry "POR"]
[BlackCountry "FRA"]
[PlyCount "70"]
[EventDate "2019.02.02"]

1. e4 c5 2. Nc3 Nc6 3. g3 g6 4. Bg2 Bg7 5. d3 d6 6. f4 Rb8 7. Nf3 b5 8. O-O e6
9. Rb1 Nge7 10. h3 O-O 11. g4 b4 12. Ne2 Ba6 13. b3 Qb6 14. Kh1 Nd4 15. Nfxd4
cxd4 16. f5 exf5 17. gxf5 d5 18. Nf4 dxe4 19. Bxe4 Nxf5 20. Nd5 Qd6 21. Bf4 Be5
22. Qf3 Bb7 23. Rbe1 Rbe8 24. Bxe5 Rxe5 25. Nf6+ Qxf6 26. Bxb7 Rfe8 27. Be4 Qh4
28. Rg1 Ne3 29. Re2 Rh5 30. Kh2 f5 31. Bd5+ Kg7 32. Rg3 f4 33. Rgg2 Ree5 34. Bb7
Qxh3+ 35. Qxh3 Rxh3+ 0-1

[Event "Open Portugal 2019"]
[Site "Lisboa POR"]
[Date "2019.02.07"]
[Round "7.71"]
[White "Fernandes, Alberto"]
[Black "Hansen, Verner"]
[Result "1-0"]
[WhiteElo "2072"]
[BlackElo "1874"]
[WhiteFideId "1900277"]
[BlackFideId "1425285"]
[WhiteTitle "NM"]
[WhiteCountry "POR"]
[BlackCountry "DEN"]
[PlyCount "79"]
[EventDate "2019.02.02"]

1. e4 e5 2. Nf3 Nc6 3. Bb5 a6 4. Ba4 Nf6 5. O-O d6 6. Re1 Be7 7. c3 O-O 8. Bxc6
bxc6 9. h3 c5 10. d4 cxd4 11. cxd4 Bb7 12. Nc3 exd4 13. Nxd4 Nd7 14. Be3 Bf6 15.
Qd2 Nc5 16. f3 Re8 17. Rad1 Nd7 18. Nde2 Ne5 19. b3 Bh4 20. Rf1 Qd7 21. Nd5 Ng6
22. Rc1 Bd8 23. Ng3 Ne7 24. Nxe7+ Rxe7 25. Nf5 Re6 26. Bd4 Rg6 27. Qc3 f6 28.
Be3 c5 29. Rfd1 d5 30. Qxc5 Qe6 31. Qd6 Qe5 32. Bf4 Qxd6 33. Nxd6 dxe4 34. Nxb7
Bb6+ 35. Kh2 exf3 36. gxf3 h5 37. Nd6 h4 38. Rc8+ Rxc8 39. Nxc8 Bf2 40. Ne7+ 1-0

[Event "Open Portugal 2019"]
[Site "Lisboa POR"]
[Date "2019.02.07"]
[Round "7.72"]
[White "Santos, Isabel P"]
[Black "Fernández Montero, Francisco M."]
[Result "1/2-1/2"]
[WhiteElo "1825"]
[BlackElo "2070"]
[WhiteFideId "1921681"]
[BlackFideId "2230666"]
[WhiteCountry "POR"]
[BlackCountry "ESP"]
[PlyCount "68"]
[EventDate "2019.02.02"]

1. d4 f5 2. Nf3 Nf6 3. c4 e6 4. g3 Be7 5. Bg2 O-O 6. O-O d6 7. b4 a5 8. b5 Ne4
9. Bb2 Nd7 10. Nbd2 Ndf6 11. a4 Qe8 12. Nxe4 Nxe4 13. Nd2 Nf6 14. e3 Rb8 15. Rc1
b6 16. Qb3 Qh5 17. e4 fxe4 18. Nxe4 Bb7 19. Rce1 Nxe4 20. Bxe4 Bxe4 21. Rxe4 Rf3
22. Qd1 Qf5 23. Qe2 Rf8 24. Rxe6 Bg5 25. Re8 Qf7 26. Rxf8+ Kxf8 27. Kg2 Rb3 28.
f4 Bf6 29. Qc2 Re3 30. Rf3 Qe6 31. Kf2 Rxf3+ 32. Kxf3 Qe1 33. Qe2 Qb4 34. Qc2
Qe1 1/2-1/2